| 000 | 00812cam a2200277 a 4500 | ||
|---|---|---|---|
| 001 | 14022 | ||
| 003 | BD-JhCC | ||
| 005 | 20240523143549.0 | ||
| 008 | 820723s1985 nyuab be 001 0deng | ||
| 020 | _a0871967596 | ||
| 035 | _a(BD-JhCC)14022 | ||
| 040 |
_aDLC _cDLC _dDLC |
||
| 041 | _aeng | ||
| 050 | 0 | 0 |
_aF2 _b.E43 1985 |
| 082 | 0 | 0 |
_a974.00321 _219 _bBRO 1985 |
| 245 | 0 | 4 |
_aThe Encyclopedia of New England / _cedited by Robert O'Brien with Richard D. Brown. |
| 260 |
_aNew York : _bFacts on File, Inc., _cc1985. |
||
| 300 |
_aix, 613 p. : _bill., maps ; _c26 cm. |
||
| 500 | _aIncludes index. | ||
| 504 | _aBibliography: p. 554-557. | ||
| 651 | 0 |
_aNew England _xEncyclopedias. |
|
| 700 | 1 |
_aO'Brien, Robert, _d1932- |
|
| 700 | 1 | _aBrown, Richard D. | |
| 710 | 2 | _aFacts on File, Inc. | |
| 942 |
_2ddc _cBK |
||
| 999 |
_c14024 _d14024 |
||